000 01243nam a2200277Ia 4500
003 OSt
005 20200710065313.0
008 191128s2009 sp ad fr 000 0 spa d
020 _a9788446024750
040 _aCO-JMCR
_cCO-JMCR
041 1 _aspa
_heng
082 0 4 _a337 /
_bB725e
_223
100 1 _aBrenner, Robert,
_eautor
_96961
245 1 3 _aLa economía de la turbulencia global :
_blas economías capitalistas avanzadas de la larga expansión al largo declive, 1945-2005 /
_cRobert Brenner ; traducción de Juanmari Madariaga
260 _aMadrid :
_bEdiciones Akal,
_c2009
300 _a568 páginas :
_bgráficos a blanco y negro ;
_c23 cm.
490 0 _aCuestiones de antagonismo
505 0 _aLa trayectoria de la tasa de beneficios -- La larga expansión -- De la expansión al declive -- El largo declive -- ¿Una nueva época de prosperidad?
534 _pThe economics of global trtbulence, the advanced capitalist economies from long boom to long downturn, 1945-2005
546 _aTraducido del inglés
650 1 4 _aCapitalismo
_96962
650 1 4 _aEconomía internacional
_96963
650 1 4 _aRelaciones económicas internacionales
_95216
700 1 _aMadariaga, Juanmari,
_etraductor
_96964
942 _2ddc
_cBK
999 _c5831
_d5831